| 000 | 01370nam a2200337Ia 4500 | ||
|---|---|---|---|
| 001 | ebr10464693 | ||
| 003 | CaPaEBR | ||
| 006 | m u | ||
| 007 | cr cn||||||||| | ||
| 008 | 080103s2008 nyua sb 000 0 eng d | ||
| 010 | _z 2008000244 | ||
| 020 | _z9781568987767 | ||
| 020 | _z1568987765 | ||
| 040 |
_aCaPaEBR _cCaPaEBR |
||
| 035 | _a(OCoLC)769114298 | ||
| 050 | 1 | 4 |
_aNA1995 _b.D56 2008eb |
| 082 | 0 | 4 |
_a720.952/09049 _222 |
| 100 | 1 |
_aDaniell, Thomas, _d1967- |
|
| 245 | 1 | 0 |
_aAfter the crash _h[electronic resource] : _barchitecture in post-bubble Japan / _cThomas Daniell ; foreword by Hitoshi Abe ; afterword by Ari Seligmann. |
| 250 | _a1st ed. | ||
| 260 |
_aNew York : _bPrinceton Architectural Press, _cc2008. |
||
| 300 |
_a192 p. : _bill. |
||
| 504 | _aIncludes bibliographical references. | ||
| 533 |
_aElectronic reproduction. _bPalo Alto, Calif. : _cebrary, _d2011. _nAvailable via World Wide Web. _nAccess may be limited to ebrary affiliated libraries. |
||
| 650 | 0 |
_aArchitectural practice _xSocial aspects _zJapan. |
|
| 650 | 0 |
_aArchitecture _zJapan _xHistory _y20th century. |
|
| 650 | 0 |
_aArchitecture _zJapan _xHistory _y21st century. |
|
| 655 | 7 |
_aElectronic books. _2local |
|
| 710 | 2 | _aebrary, Inc. | |
| 856 | 4 | 0 |
_uhttp://site.ebrary.com/lib/rucke/Doc?id=10464693 _zAn electronic book accessible through the World Wide Web; click to view |
| 999 |
_c128318 _d128318 |
||